2017 Monster Energy NASCAR Cup Series Drivers - Statistics

General Stats
  • This quiz has been taken 27 times
  • The average score is 34 of 43
Answer Stats
# Team Answer % Correct
3 Richard Childress Racing Austin Dillon
100%
13 Germain Racing Ty Dillon
100%
2 Team Penske Brad Keselowski
94%
37 JTG Daughtery Racing Chris Buescher
94%
10 Stewart-Haas Racing Danica Patrick
94%
1 Chip Ganassi Racing Jamie McMurray
94%
48 Hendrick Motorsports Jimmie Johnson
94%
22 Team Penske Joey Logano
94%
5 Hendrick Motorsports Kasey Kahne
94%
4 Stewart-Haas Racing Kevin Harvick
94%
41 Stewart-Haas Racing Kurt Busch
94%
18 Joe Gibbs Racing Kyle Busch
94%
20 Joe Gibbs Racing Matt Kenseth
94%
27 Richard Childress Racing Paul Menard
94%
17 Roush Fenway Racing Ricky Stenhouse Jr
94%
31 Richard Childress Racing Ryan Newman
94%
14 Stewart-Haas Racing Clint Bowyer
89%
83^ BK Racing Corey LaJoie
89%
19 Joe Gibbs Racing Daniel Suarez
89%
11 Joe Gibbs Racing Denny Hamlin
89%
42 Chip Ganassi Racing Kyle Larson
89%
78 Furniture Row Racing Martin Truex Jr
89%
21 Wood Brothers Racing Ryan Blaney
89%
47 JTG Daughtery Racing AJ Allmendinger
83%
43 Richard Petty Motorsports Aric Almirola
83%
24 Hendrick Motorsports Chase Elliott
83%
88 Hendrick Motorsports Dale Earnhardt Jr
83%
38 Front Row Motorsports David Ragan
83%
77 Furniture Row Racing Erik Jones
83%
32 Go Fas Racing Matt DiBenedetto
83%
95 Leavine Family Racing Michael McDowell
83%
6 Roush Fenway Racing Trevor Bayne
83%
51^ Rick Ware Racing Cody Ware
78%
66* MBM Motorsports Timmy Hill
72%
7* Tommy Baldwin Racing JJ Yeley
67%
72 TriStar Motorsports Cole Whitt
61%
15 Premium Motorsports Reed Sorenson
56%
34 Front Row Motorsports Landon Cassill
50%
51^ Rick Ware Racing BJ McLeod
39%
7* Roush Fenway Racing Elliott Sadler
39%
23 BK Racing Gray Gaulding
33%
55* Premium Motorsports Derrike Cope
28%
96* Gaunt Brothers Racing DJ Kennington
28%
No matching quizzes found
Score Distribution
Percent of People with Each Score
Percentile by Number Answered
Your Score History
You have not taken this quiz